[Event "Canet de Mar Tancat del Maresme 5th"]
[Site "Canet de Mar"]
[Date "2012.06.02"]
[Round "8.5"]
[White "Canellas Magide, Lluis"]
[Black "Maynat Diaz, Jose Antonio"]
[Result "1-0"]
[WhiteElo "2201"]
[BlackElo "2059"]
[PlyCount "59"]
[EventDate "2012.04.14"]
[EventType "swiss"]
[EventRounds "9"]
[EventCountry "ESP"]
[SourceTitle "EXT 2024"]
[Source "ChessBase"]
[SourceDate "2023.10.10"]
[SourceVersion "1"]
[SourceVersionDate "2023.10.10"]
[SourceQuality "1"]

1. Nc3 e6 2. Nf3 Nf6 3. e4 d6 4. d4 Be7 5. Bd3 Bd7 6. Qe2 0-0 7. h4 Nc6 8. e5 dxe5 9. dxe5 Ng4 10. Bxh7+ Kh8 11. Ng5 f5 12. exf6 Nxf6 13. Bg6 Nd4 14. Qd3 Bc6 15. Be3 Bxg2 16. Bxd4 Bxh1 17. 0-0-0 Bd5 18. Qe2 Bd6 19. Bxf6 Bf4+ 20. Kb1 Rxf6 21. Nxd5 Bxg5 22. hxg5 Rxg6 23. Qh5+ Rh6 24. gxh6 exd5 25. hxg7+ Kg8 26. Rxd5 Qe8 27. Qh8+ Kf7 28. Rf5+ Kg6 29. g8Q+ Qxg8 30. Qf6+ 1-0

[Event "Maresme op 8th"]
[Site "Maresme"]
[Date "2011.11.05"]
[Round "7"]
[White "Gurri Mancera, Ferran"]
[Black "Maynat Diaz, Jose Antonio"]
[Result "1/2-1/2"]
[WhiteElo "2172"]
[BlackElo "1881"]
[PlyCount "20"]
[EventDate "2011.09.24"]
[EventType "swiss"]
[EventRounds "9"]
[EventCountry "ESP"]
[SourceTitle "EXT 2013"]
[Source "ChessBase"]
[SourceDate "2012.11.22"]
[SourceVersion "1"]
[SourceVersionDate "2012.11.22"]
[SourceQuality "1"]

1. d4 d5 2. c4 dxc4 3. Nf3 Nf6 4. e3 e6 5. Bxc4 a6 6. a4 b6 7. 0-0 Bb7 8. Qe2 Be7 9. Rd1 Nc6 10. b3 0-0 1/2-1/2

[Event "Maresme op 8th"]
[Site "Maresme"]
[Date "2011.10.01"]
[Round "2"]
[White "Bimbatti Dorante, Gian Carlos"]
[Black "Maynat Diaz, Jose Antonio"]
[Result "1/2-1/2"]
[WhiteElo "2019"]
[BlackElo "1881"]
[PlyCount "48"]
[EventDate "2011.09.24"]
[EventType "swiss"]
[EventRounds "9"]
[EventCountry "ESP"]
[SourceTitle "EXT 2013"]
[Source "ChessBase"]
[SourceDate "2012.11.22"]
[SourceVersion "1"]
[SourceVersionDate "2012.11.22"]
[SourceQuality "1"]

1. c4 c5 2. Nf3 Nf6 3. Nc3 Nc6 4. g3 d6 5. Bg2 a6 6. 0-0 h6 7. d4 cxd4 8. Nxd4 Nxd4 9. Qxd4 Qc7 10. Be3 Bd7 11. Rac1 e6 12. Rfd1 Be7 13. f3 Rc8 14. b3 Qa5 15. Kf2 0-0 16. Qd2 Qf5 17. h3 b5 18. g4 Qg6 19. cxb5 axb5 20. Bf4 b4 21. Nb1 Nd5 22. Bg3 f5 23. gxf5 Qxf5 24. Rxc8 Bxc8 1/2-1/2